| 000 | 00589nam a22001577a 4500 | ||
|---|---|---|---|
| 003 | NUST | ||
| 082 | _a610 | ||
| 100 |
_aUzair Ul Haq ,Muhammad _9122203 |
||
| 245 |
_aComputational Modeling of Human Head Model for Correlation Study of Cerebrospinal Fluid and Tumor / _cMuhammad Uzair Ul Haq |
||
| 264 |
_aIslamabad: _bSMME- NUST. _c2020. |
||
| 300 |
_a68p. ; _bSoft Copy, _c30cm. |
||
| 650 |
_aMS Biomedical Engineering (BME) _9119509 |
||
| 700 |
_aSupervisor : Dr. Zartasha Mustansar _9122204 |
||
| 856 | _u http://10.250.8.41:8080/xmlui/handle/123456789/8664 | ||
| 942 |
_2ddc _cTHE |
||
| 999 |
_c608740 _d608740 |
||